| 000 | 00626cam a2200169 4500 | ||
|---|---|---|---|
| 001 | 3919 | ||
| 010 | _a 89077299 | ||
| 020 |
_a0385023510 _c |
||
| 100 | 1 |
_aMilton, John, _d1608-1674. |
|
| 240 | 1 | 0 | _aPoems |
| 245 | 1 | 4 |
_aThe complete poetry of John Milton : _barranged in chronological order with an introduction, notes, variants, and literal translations of the foreign language forms / _cby John T. Shawcross. |
| 250 | _aRev. ed. | ||
| 260 |
_aNew York : _bAnchor Books, _c1990. |
||
| 300 |
_axviii, 654 p. ; _c21 cm. |
||
| 504 | _aIncludes bibliographical references ((p. [643]-649) and indexes. | ||
| 700 | 1 | _aShawcross, John T. | |
| 999 |
_c3198 _d3198 |
||